Project management for health care professionals (Record no. 45616)

MARC details
000 -LEADER
fixed length control field 00937nam a2200277Ia 4500
008 - FIXED-LENGTH DATA ELEMENTS--GENERAL INFORMATION
fixed length control field 191130s1998##################000#0#eng##
020 ## - INTERNATIONAL STANDARD BOOK NUMBER
International Standard Book Number 9780750634052
022 ## - INTERNATIONAL STANDARD SERIAL NUMBER
International Standard Serial Number 98213326
040 ## - CATALOGING SOURCE
Original cataloging agency ACL
Transcribing agency ACL
082 ## - DEWEY DECIMAL CLASSIFICATION NUMBER
Classification number 362.1068 ROB
100 ## - MAIN ENTRY--PERSONAL NAME
Personal name Roberts, Kathleen
245 ## - TITLE STATEMENT
Title Project management for health care professionals
Statement of responsibility, etc. Kathleen Roberts and Carol Ludvigsen
260 ## - PUBLICATION, DISTRIBUTION, ETC.
Place of publication, distribution, etc. Oxford ; Boston
Name of publisher, distributor, etc. Butterworth-Heinemann
Date of publication, distribution, etc. 1998
300 ## - PHYSICAL DESCRIPTION
Extent ix, 150 p. : ill. ; 22 cm
500 ## - GENERAL NOTE
General note Includes bibliographical references (p. [146]-147) and index
650 ## - SUBJECT ADDED ENTRY--TOPICAL TERM
Topical term or geographic name entry element Health Services - organization & administration
Topical term or geographic name entry element Health Services Administration
Topical term or geographic name entry element Planning Techniques
Topical term or geographic name entry element Program Development
Topical term or geographic name entry element Public health administration
Topical term or geographic name entry element Task Performance and Analysis
700 ## - ADDED ENTRY--PERSONAL NAME
Personal name Ludvigsen, Carole
990 ## - EQUIVALENCES OR CROSS-REFERENCES [LOCAL, CANADA]
Link information for 9XX fields d4e2aa0fac10000c3ccdf5825e0eb9cb
991 ## -
-- 366258
Holdings
Withdrawn status Lost status Materials specified (bound volume or other part) Damaged status Not for loan Home library Current library Shelving location Date acquired Total Checkouts Full call number Barcode Date last seen Price effective from Koha item type
    pbk     Anna Centenary Library Anna Centenary Library 4TH FLOOR, A WING 09.10.2020   362.1068 ROB 312743 09.10.2020 09.10.2020 English Books

Find us on the map